[Event "43rd World Open"]
[Site "Arlington, VA"]
[Date "2015.07.03"]
[Round "5"]
[White "Maghami, Ehsan"]
[Black "Young, Angelo"]
[Result "1-0"]
[WhiteElo "2570"]
[BlackElo "2320"]
[PlyCount "89"]
[EventDate "2015.07.??"]
[EventType "swiss"]
[EventRounds "9"]
[EventCountry "USA"]

1. c4 g6 2. d4 Bg7 3. e4 d6 4. Nc3 Nc6 5. Be3 Bd7 6. Nf3 Nf6 7. d5 Nb8 8. Be2
O-O 9. O-O Ng4 10. Bd4 e5 11. dxe6 fxe6 12. Bxg7 Kxg7 13. Nd4 Nf6 14. Qd2 e5
15. Nc2 Bc6 16. Qe3 b6 17. b4 a5 18. a3 Nbd7 19. Qd3 Ra7 20. Nd5 Qa8 21. f3 Rf7
22. Qc3 Nh5 23. g3 Nhf6 24. Nce3 h6 25. Bd3 Qd8 26. Rad1 axb4 27. axb4 Qa8 28.
Ra1 Ne8 29. Be2 Bb7 30. Qb2 c6 31. Nc3 Nc7 32. Rad1 Qf8 33. f4 Qe7 34. f5 g5
35. f6+ Rxf6 36. Rxf6 Qxf6 37. Rxd6 Qd8 38. Nf5+ Kf8 39. Rxh6 Nf6 40. Nd5 Ncxd5
41. cxd5 Bc8 42. Qxe5 Ng8 43. Rxc6 Bxf5 44. Qxf5+ Rf7 45. Rc8 1-0

[Event "43rd World Open"]
[Site "Arlington, VA"]
[Date "2015.07.03"]
[Round "5"]
[White "Santarius, Erik"]
[Black "Shabalov, Alexander"]
[Result "1-0"]
[WhiteElo "2266"]
[BlackElo "2538"]
[PlyCount "91"]
[EventDate "2015.07.??"]
[EventType "swiss"]
[EventRounds "9"]
[EventCountry "USA"]

1. e4 g6 2. d4 Bg7 3. c4 c5 4. d5 d6 5. Bd3 e6 6. Nf3 Ne7 7. O-O O-O 8. Nc3 a6
9. Be3 exd5 10. exd5 Nd7 11. Qd2 Nf6 12. h3 Bf5 13. a4 Qd7 14. Kh2 h6 15. Rfe1
Rae8 16. a5 g5 17. Qc2 Bg6 18. Bd2 Nh5 19. Na4 Bxd3 20. Qxd3 Ng6 21. Nb6 Qd8
22. Bc3 Nhf4 23. Qc2 Bxc3 24. Qxc3 h5 25. g3 Nxh3 26. Kxh3 g4+ 27. Kh2 gxf3 28.
Qxf3 h4 29. g4 Rxe1 30. Rxe1 Re8 31. Rxe8+ Qxe8 32. Qe3 Qf8 33. b3 Kh7 34. Qe4
Qg7 35. Qf5 Kg8 36. Nd7 Qd4 37. Nf6+ Kf8 38. Ne4 Ke7 39. g5 Qe5+ 40. Qxe5+ Nxe5
41. Kh3 Ng6 42. Kg4 Kd7 43. Nd2 Ke7 44. Nf3 h3 45. Kxh3 f5 46. Kg3 1-0

[Event "43rd World Open"]
[Site "Arlington, VA"]
[Date "2015.07.03"]
[Round "5"]
[White "Aaron, Deepak"]
[Black "Bachmann, Axel"]
[Result "0-1"]
[WhiteElo "2321"]
[BlackElo "2633"]
[PlyCount "48"]
[EventDate "2015.07.??"]
[EventType "swiss"]
[EventRounds "9"]
[EventCountry "USA"]

1. e4 g6 2. d4 Bg7 3. Nc3 c6 4. Be3 d6 5. Qd2 Nd7 6. f3 b5 7. g4 Nb6 8. h4 h5
9. gxh5 Rxh5 10. Bd3 e5 11. dxe5 Bxe5 12. f4 Rxh4 13. fxe5 Rxh1 14. O-O-O dxe5
15. Qg2 Qh4 16. Bxb5 Ne7 17. Qd2 Bg4 18. Bg5 Qh5 19. Bxe7 Bxd1 20. Qd6 Bg4 21.
Nce2 cxb5 22. Bf6 Qh6+ 23. Kb1 Qf8 24. Qxe5+ Be6 0-1

[Event "43rd World Open"]
[Site "Arlington, VA"]
[Date "2015.07.03"]
[Round "5"]
[White "Rohan, Ahuja"]
[Black "Troff, Kayden"]
[Result "1/2-1/2"]
[WhiteElo "2322"]
[BlackElo "2545"]
[PlyCount "131"]
[EventDate "2015.07.??"]
[EventType "swiss"]
[EventRounds "9"]
[EventCountry "USA"]

1. Nf3 Nf6 2. g3 g6 3. b3 Bg7 4. Bb2 O-O 5. Bg2 d5 6. c4 e6 7. d4 b6 8. O-O Bb7
9. Nc3 Nbd7 10. Ne5 Ne4 11. Nxe4 dxe4 12. Qc2 f5 13. Rad1 Nxe5 14. dxe5 Qe7 15.
e3 Rfd8 16. Rxd8+ Rxd8 17. Rd1 Rd7 18. Kf1 Qd8 19. Rxd7 Qxd7 20. Ke1 Bf8 21.
Qd2 Qxd2+ 22. Kxd2 g5 23. h3 Kf7 24. Bf1 g4 25. h4 Ke8 26. Be2 Kd7 27. a3 a5
28. Kc3 Bg7 29. Kd2 Bf8 30. Kc3 c5 31. a4 Ke8 32. Kd2 Be7 33. Ke1 Kf7 34. Kf1
Kg6 35. Kg1 Bc6 36. Bd1 Bd8 37. Bc3 Kh6 38. Bb2 Kh5 39. Kh2 Be7 40. Bc3 Be8 41.
Bd2 Bf7 42. Bc3 Kh6 43. Kg1 Bg6 44. Bd2 Bh5 45. Bc3 Bd8 46. Bc2 Be8 47. Bd1 Kh5
48. Kh2 Kg6 49. Kg1 Kf7 50. Kf1 Kf8 51. Bc2 Bg6 52. Bd1 Bf7 53. Bc2 Bh5 54. Bd1
Ke8 55. Bc2 Kd7 56. Ke1 Kc6 57. Bd1 Kb7 58. Bc2 Ka6 59. Bd1 Be7 60. Bc2 Be8 61.
Bd1 Bf8 62. Bc2 Bh6 63. Bd1 Bh5 64. Bc2 Be8 65. Bd1 Bh5 66. Bc2 1/2-1/2

[Event "43rd World Open"]
[Site "Arlington, VA"]
[Date "2015.07.03"]
[Round "5"]
[White "Panchanathan, Magesh"]
[Black "Turgut, Tansel"]
[Result "1-0"]
[WhiteElo "2541"]
[BlackElo "2305"]
[PlyCount "145"]
[EventDate "2015.07.??"]
[EventType "swiss"]
[EventRounds "9"]
[EventCountry "USA"]

1. e4 e5 2. Nf3 Nc6 3. Bb5 a6 4. Ba4 d6 5. c3 Bd7 6. O-O Nge7 7. d4 Ng6 8. Re1
Be7 9. Nbd2 h6 10. Nf1 Bg5 11. c4 Bxc1 12. Rxc1 O-O 13. c5 Nxd4 14. Nxd4 Bxa4
15. Qxa4 exd4 16. Qxd4 dxc5 17. Qxc5 c6 18. Rcd1 Qg5 19. Qxg5 hxg5 20. Rd7 Rab8
21. Red1 Ne5 22. R7d2 g4 23. Ne3 g6 24. h3 f5 25. exf5 gxf5 26. hxg4 f4 27. Nf5
Nxg4 28. Ne7+ Kh7 29. Rd7 Kh6 30. R1d6+ Kh5 31. Ng6 Rbe8 32. Rh7+ Kg5 33. Ne7
Rf6 34. Rd3 Rh6 35. Rg7+ Kf6 36. Rxg4 Rxe7 37. Rxf4+ Kg5 38. g3 Re2 39. Rb3 b5
40. a4 Rd6 41. axb5 cxb5 42. Rbb4 Rf6 43. Rg4+ Kf5 44. Rbf4+ Ke6 45. b4 Ra2 46.
Kg2 Ra4 47. Rxf6+ Kxf6 48. Rf4+ Kg5 49. Re4 Kf5 50. f3 Kf6 51. Kf2 Ra3 52. g4
a5 53. bxa5 Rxa5 54. Rb4 Ke5 55. Kg3 Kd5 56. g5 Ke5 57. Kg4 Ke6 58. f4 Kf7 59.
Rb1 Kg6 60. f5+ Kg7 61. Kh5 Ra2 62. Rxb5 Rh2+ 63. Kg4 Rg2+ 64. Kh4 Rh2+ 65. Kg3
Rh1 66. Rb7+ Kg8 67. f6 Ra1 68. Kg4 Ra8 69. Kh5 Rc8 70. Kg6 Ra8 71. Rg7+ Kf8
72. Rh7 Kg8 73. f7+ 1-0

[Event "43rd World Open"]
[Site "Arlington, VA"]
[Date "2015.07.03"]
[Round "5"]
[White "Korley, Kassa"]
[Black "Flaquer, Luis"]
[Result "0-1"]
[WhiteElo "2430"]
[BlackElo "2268"]
[PlyCount "78"]
[EventDate "2015.07.??"]
[EventType "swiss"]
[EventRounds "9"]
[EventCountry "USA"]

1. d4 d5 2. Bf4 Nf6 3. e3 c5 4. Nc3 cxd4 5. exd4 a6 6. Nf3 Bg4 7. h3 Bxf3 8.
Qxf3 Nc6 9. O-O-O e6 10. g4 b5 11. g5 Nd7 12. h4 Be7 13. Bh3 Nb6 14. Qg3 Nc4
15. Kb1 Qa5 16. Ne2 Rc8 17. Nc1 Qb6 18. Nb3 a5 19. h5 a4 20. g6 hxg6 21. hxg6
f5 22. Bxf5 Rxh1 23. Rxh1 exf5 24. Qd3 Nd8 25. Rh8+ Kd7 26. Nc5+ Bxc5 27. dxc5
Qe6 28. b3 Na3+ 29. Kb2 b4 30. Qd4 Qe4 31. Qxg7+ Kc6 32. Qf6+ Kxc5 33. Be3+ d4
34. Bxd4+ Qxd4+ 35. Qxd4+ Kxd4 36. bxa4 Rxc2+ 37. Kb3 Rc3+ 38. Kb2 Ne6 39. Rh4+
Kc5 0-1

[Event "43rd World Open"]
[Site "Arlington, VA"]
[Date "2015.07.03"]
[Round "5"]
[White "Akylbekov, Nasir"]
[Black "Homa, Seth"]
[Result "0-1"]
[WhiteElo "2268"]
[BlackElo "2365"]
[PlyCount "149"]
[EventDate "2015.07.??"]
[EventType "swiss"]
[EventRounds "9"]
[EventCountry "USA"]

1. e4 c5 2. Nf3 e6 3. d4 cxd4 4. Nxd4 Nc6 5. Nxc6 bxc6 6. Bd3 Nf6 7. Nd2 d5 8.
Qe2 Be7 9. O-O O-O 10. Re1 Re8 11. a4 e5 12. h3 h6 13. b3 Bb4 14. Rd1 Qe7 15.
Bb2 Bd6 16. Re1 Bd7 17. Qf3 g6 18. exd5 cxd5 19. c4 e4 20. Bxf6 exf3 21. Bxe7
Rxe7 22. Rxe7 Bxe7 23. cxd5 fxg2 24. Kxg2 Rc8 25. Bb5 Bf5 26. Bc6 Rb8 27. Re1
Bg5 28. Nf3 Rxb3 29. Nxg5 hxg5 30. Bb5 Rb4 31. Rd1 a6 32. Bc6 Be4+ 33. f3 Rb2+
34. Kg3 Rb3 35. Rf1 Rd3 36. Bb7 Bxd5 37. Bxa6 Ra3 38. Bb5 Kg7 39. Kg4 Kh6 40.
Kg3 f5 41. Bd7 Bb7 42. Rf2 Kg7 43. Rf1 Kf6 44. Rf2 Be4 45. Kg2 Bd5 46. Kg3 Re3
47. Bb5 Ra3 48. Bd7 Bb3 49. Rb2 Ke7 50. Bc6 Kf6 51. Bd7 Bd5 52. Rf2 Kg7 53. Rf1
Kh6 54. Rf2 Kh5 55. Rf1 Bb3 56. Rc1 Ra2 57. f4 Bd5 58. fxg5 Kxg5 59. h4+ Kf6
60. Bc6 Ra3+ 61. Kh2 Be6 62. Be8 f4 63. Bc6 Bb3 64. Kg2 Be6 65. Kh2 Bg4 66. Rc2
Ke5 67. Rc5+ Kf6 68. Rc2 Bh5 69. Bb5 Kf5 70. Rg2 f3 71. Rb2 Kf4 72. Rb4+ Ke3
73. Bc6 Ra2+ 74. Kh3 Rc2 75. Re4+ 0-1

[Event "43rd World Open"]
[Site "Arlington, VA"]
[Date "2015.07.03"]
[Round "5"]
[White "Gulamali, Kazim"]
[Black "Liu, Bovey"]
[Result "1-0"]
[WhiteElo "2350"]
[BlackElo "2066"]
[PlyCount "83"]
[EventDate "2015.07.??"]
[EventType "swiss"]
[EventRounds "9"]
[EventCountry "USA"]

1. e4 c5 2. Nf3 e6 3. g3 Nc6 4. Bg2 g6 5. d4 cxd4 6. Nxd4 a6 7. Nxc6 dxc6 8.
Qxd8+ Kxd8 9. e5 Bg7 10. f4 f6 11. exf6 Nxf6 12. c4 Ke7 13. Nc3 Bd7 14. Be3 b5
15. Bc5+ Kf7 16. O-O-O Rhd8 17. Bb6 Rdb8 18. Bd4 Rd8 19. c5 Be8 20. Rhe1 Ra7
21. Bh3 Re7 22. Be5 Rxd1+ 23. Nxd1 Bd7 24. Nf2 Bc8 25. Nd3 Nd5 26. Bxg7 Kxg7
27. Ne5 Bb7 28. a3 a5 29. Nf3 Nc7 30. Nd4 a4 31. Bg2 Na6 32. Re5 Kf6 33. Kd2
Nb8 34. Bh3 Bc8 35. Kc3 Bd7 36. Nf3 h6 37. Nd2 Na6 38. Ne4+ Kf7 39. Bg2 Nc7 40.
Kb4 Nd5+ 41. Ka5 Kf8 42. Nd6 1-0

[Event "43rd World Open"]
[Site "Arlington, VA"]
[Date "2015.07.03"]
[Round "5"]
[White "Adamson, Robby"]
[Black "Cao, Jason"]
[Result "1-0"]
[WhiteElo "2246"]
[BlackElo "2332"]
[PlyCount "123"]
[EventDate "2015.07.??"]
[EventType "swiss"]
[EventRounds "9"]
[EventCountry "USA"]

1. e4 c5 2. Nf3 d6 3. d4 cxd4 4. Nxd4 Nf6 5. Nc3 a6 6. h3 e6 7. g4 Be7 8. g5
Nfd7 9. Be3 Nc6 10. h4 Qc7 11. Qd2 Nce5 12. f4 Nc4 13. Bxc4 Qxc4 14. b3 Qc7 15.
f5 Ne5 16. O-O-O Bd7 17. Nce2 Ng4 18. Nf4 Qc5 19. Nd3 Qa3+ 20. Kb1 Nxe3 21.
Qxe3 e5 22. Ne2 Rc8 23. Ng3 Bd8 24. Nh5 O-O 25. Rh2 Kh8 26. Rg2 Qa5 27. Ng3 Bb6
28. Qd2 Qb5 29. h5 Rc4 30. g6 Rd4 31. h6 fxg6 32. fxg6 hxg6 33. Rh1 Rxd3 34.
cxd3 Rf4 35. hxg7+ Kg8 36. Ne2 Kxg7 37. Nxf4 exf4 38. d4 g5 39. Rgh2 Be6 40. d5
Bf7 41. Qc3+ Kf8 42. Kb2 Ke7 43. Rh7 Qe2+ 44. Ka3 Bc5+ 45. b4 Qe3 46. Kb3 Bd4
47. Qxe3 Bxe3 48. R1h6 Bd4 49. Re6+ Kf8 50. Rxd6 Kg8 51. Kc4 Be5 52. Rxf7 Kxf7
53. Re6 Bc7 54. e5 Bd8 55. Kd3 g4 56. Ke4 f3 57. Rh6 Bg5 58. Rh1 f2 59. Rf1 g3
60. Kf3 Bf4 61. e6+ Ke7 62. Kg2 1-0

[Event "43rd World Open"]
[Site "Arlington, VA"]
[Date "2015.07.03"]
[Round "5"]
[White "Bennett, David"]
[Black "Kretchetov, Alexander"]
[Result "0-1"]
[WhiteElo "2120"]
[BlackElo "2327"]
[PlyCount "74"]
[EventDate "2015.07.??"]
[EventType "swiss"]
[EventRounds "9"]
[EventCountry "USA"]

1. c4 g6 2. g3 Bg7 3. Bg2 d6 4. Nc3 Nf6 5. e3 O-O 6. Nge2 c6 7. O-O e5 8. b3
Re8 9. Bb2 a5 10. Qc2 Na6 11. d4 Qe7 12. e4 h5 13. Rad1 h4 14. Qd2 hxg3 15.
hxg3 Ng4 16. Bc1 exd4 17. Nxd4 Nc5 18. Nde2 Rd8 19. Qc2 Bd7 20. f3 Ne5 21. Nd4
a4 22. Kf2 axb3 23. axb3 Qf6 24. Ke2 Ned3 25. Be3 Nb4 26. Qb1 Ra3 27. Bc1 Ra5
28. Be3 Rda8 29. Rh1 Ra3 30. Rc1 Qe7 31. Rhd1 Bxd4 32. Bxd4 Rxb3 33. Bxc5 Rxb1
34. Bxd6 Rb2+ 35. Kf1 Qe6 36. Rd4 Nc2 37. Rxc2 Rxc2 0-1

[Event "43rd World Open"]
[Site "Arlington, VA"]
[Date "2015.07.03"]
[Round "5"]
[White "Holt, Conrad"]
[Black "Boas, Toby"]
[Result "1-0"]
[WhiteElo "2546"]
[BlackElo "2218"]
[PlyCount "73"]
[EventDate "2015.07.??"]
[EventType "swiss"]
[EventRounds "9"]
[EventCountry "USA"]

1. d4 Nf6 2. c4 e6 3. Nc3 Bb4 4. Qc2 O-O 5. e4 d5 6. e5 Ne4 7. Bd3 c5 8. Nf3
cxd4 9. Nxd4 Nd7 10. Bf4 Ndc5 11. O-O Bxc3 12. bxc3 Nxd3 13. Qxd3 b6 14. cxd5
exd5 15. Rad1 Re8 16. Rfe1 Qd7 17. Nb3 Qa4 18. Qc2 Qc6 19. Re3 Bd7 20. c4 Rac8
21. f3 g5 22. fxe4 gxf4 23. exd5 Qxc4 24. Qxc4 Rxc4 25. Ree1 Ba4 26. Rd3 Bxb3
27. axb3 Rc2 28. Re4 Kf8 29. d6 Rc5 30. Kf2 Rd8 31. Kf3 Ke8 32. b4 Rc1 33. Rxf4
Rf1+ 34. Ke4 Rxf4+ 35. Kxf4 Kd7 36. Kf5 Re8 37. Rc3 1-0

[Event "43rd World Open"]
[Site "Arlington, VA"]
[Date "2015.07.03"]
[Round "5"]
[White "Ippolito, Dean"]
[Black "Tarhon, Brian"]
[Result "1/2-1/2"]
[WhiteElo "2395"]
[BlackElo "2209"]
[PlyCount "87"]
[EventDate "2015.07.??"]
[EventType "swiss"]
[EventRounds "9"]
[EventCountry "USA"]

1. Nf3 Nf6 2. c4 e6 3. g3 b6 4. Bg2 Bb7 5. O-O Be7 6. Nc3 O-O 7. Re1 c5 8. e4
d6 9. d4 cxd4 10. Nxd4 a6 11. e5 dxe5 12. Bxb7 Ra7 13. Nc6 Qxd1 14. Nxe7+ Kh8
15. Rxd1 Rxb7 16. b3 b5 17. cxb5 axb5 18. Be3 Re8 19. Ned5 exd5 20. Nxd5 Nxd5
21. Rxd5 Nc6 22. Rc1 Nd4 23. Bxd4 exd4 24. Rxd4 Ra7 25. Rc5 Rxa2 26. Rxb5 g6
27. Rb7 Kg7 28. Rf4 Rf8 29. h4 h6 30. Kg2 g5 31. Rc4 Kg6 32. Kf3 Rb2 33. Rc6+
f6 34. Rc4 Re8 35. h5+ Kxh5 36. Rg7 Rxb3+ 37. Kg2 f5 38. Rc1 f4 39. gxf4 Re4
40. Rh1+ Kg4 41. fxg5 hxg5 42. f3+ Rxf3 43. Rxg5+ Kxg5 44. Kxf3 1/2-1/2

[Event "43rd World Open"]
[Site "Arlington, VA"]
[Date "2015.07.03"]
[Round "5"]
[White "Kogen, Jonathan"]
[Black "Li, Ruifeng"]
[Result "1-0"]
[WhiteElo "2166"]
[BlackElo "2394"]
[PlyCount "81"]
[EventDate "2015.07.??"]
[EventType "swiss"]
[EventRounds "9"]
[EventCountry "USA"]

1. d4 Nf6 2. c4 e6 3. Nc3 Bb4 4. Qc2 O-O 5. a3 Bxc3+ 6. Qxc3 b6 7. Bg5 Bb7 8.
f3 d5 9. e3 Re8 10. Bd3 Nbd7 11. cxd5 e5 12. O-O-O h6 13. Bxf6 Nxf6 14. e4 exd4
15. Qxd4 c5 16. Qf2 c4 17. Bc2 b5 18. Ne2 a5 19. Nd4 b4 20. Ba4 Rf8 21. Bc6 Qb6
22. Bxb7 Qxb7 23. a4 Rfc8 24. Nb5 Qd7 25. Qd4 Ne8 26. d6 Rab8 27. e5 g6 28. Qa7
Rb7 29. Qxa5 Rc5 30. Qxb4 Rxe5 31. Rhe1 Re6 32. Rxe6 fxe6 33. Qxc4 Rb6 34. Kb1
Kf7 35. Qf4+ Nf6 36. Qxh6 Rb8 37. Rc1 Rb7 38. Qf4 Kg7 39. Qd4 Kf7 40. Rc7 Rxc7
41. dxc7 1-0

[Event "43rd World Open"]
[Site "Arlington, VA"]
[Date "2015.07.04"]
[Round "6.1"]
[White "Gorovets, Andrey"]
[Black "Smirin, Ilya"]
[Result "1/2-1/2"]
[WhiteElo "2505"]
[BlackElo "2663"]
[PlyCount "55"]
[EventDate "2015.07.??"]
[EventType "swiss"]
[EventRounds "9"]
[EventCountry "USA"]
[WhiteClock "0:33:00"]
[BlackClock "0:38:45"]

1. c4 g6 2. Nc3 Bg7 3. g3 e5 4. e4 Nc6 5. Bg2 d6 6. Nge2 Nge7 7. d3 O-O 8. O-O
f5 9. Nd5 Kh8 10. Be3 Be6 11. Qd2 Qd7 12. Rae1 Ng8 13. b4 Nd8 14. exf5 Bxf5 15.
d4 Nf7 16. b5 Bh3 17. f3 Bxg2 18. Kxg2 Rae8 19. Ndc3 exd4 20. Bxd4 Ne5 21. Bxe5
Rxe5 22. Nf4 Qf7 23. Rxe5 Bxe5 24. Nfd5 c6 25. Ne3 Nf6 26. Ne4 Nxe4 27. fxe4
Qe7 28. Rxf8+ 1/2-1/2

[Event "43rd World Open"]
[Site "Arlington, VA"]
[Date "2015.07.04"]
[Round "6.2"]
[White "Mamedov, Rauf"]
[Black "Akobian, Varuzhan"]
[Result "1/2-1/2"]
[WhiteElo "2639"]
[BlackElo "2632"]
[PlyCount "28"]
[EventDate "2015.07.??"]
[EventType "swiss"]
[EventRounds "9"]
[EventCountry "USA"]
[WhiteClock "1:23:14"]
[BlackClock "1:42:49"]

1. Nf3 d5 2. g3 c6 3. Bg2 Bg4 4. O-O Nd7 5. d4 Ngf6 6. Nbd2 e6 7. Re1 Be7 8. e4
O-O 9. c3 Rc8 10. h3 Bh5 11. e5 Ne8 12. Nf1 c5 13. g4 Bg6 14. Ng3 b5 1/2-1/2

[Event "43rd World Open"]
[Site "Arlington, VA"]
[Date "2015.07.04"]
[Round "6.3"]
[White "Kovalyov, Anton"]
[Black "Lenderman, Aleksandr"]
[Result "1/2-1/2"]
[WhiteElo "2613"]
[BlackElo "2623"]
[PlyCount "139"]
[EventDate "2015.07.??"]
[EventType "swiss"]
[EventRounds "9"]
[EventCountry "USA"]
[WhiteClock "0:15:22"]
[BlackClock "0:04:07"]

1. c4 e5 2. Nc3 Nc6 3. g3 g6 4. Bg2 Bg7 5. d3 d6 6. Rb1 Nf6 7. Nf3 O-O 8. O-O
a5 9. a3 Nd4 10. Nd2 c6 11. e3 Ne6 12. Nf3 Qc7 13. b4 axb4 14. axb4 d5 15. cxd5
Nxd5 16. Ne2 Rd8 17. e4 Ne7 18. Be3 b6 19. Qc2 Ba6 20. Rfd1 h6 21. Rb3 Kh7 22.
h4 c5 23. bxc5 bxc5 24. Bh3 c4 25. Bxe6 fxe6 26. Rbb1 Qc6 27. Rb6 Qd7 28. Qa2
Qc8 29. Nc3 Nc6 30. dxc4 Nd4 31. Nd2 Bf8 32. Rb2 Qc6 33. Kg2 Nf5 34. Bb6 Rd3
35. Qa4 Qxa4 36. Nxa4 Nd4 37. Nc5 Bxc5 38. Bxc5 Rc8 39. Ra1 Rxc5 40. Rxa6 Rc7
41. Nf1 Kg7 42. Ne3 h5 43. Ra5 Rb3 44. Rba2 Kf6 45. g4 Nc6 46. Rc5 Ke7 47. Rd2
Rbb7 48. g5 Rd7 49. Rxd7+ Kxd7 50. Rb5 Kc7 51. Nc2 Ra7 52. Rb2 Ra4 53. Ne3 Nd4
54. Rd2 Ra3 55. Kg3 Kc6 56. Rb2 Kc7 57. Kg2 Ra4 58. Rb1 Ra3 59. Rb4 Ra5 60. Nd1
Ra3 61. Ne3 Ra5 62. Nf1 Ra3 63. Nd2 Rd3 64. Rb2 Ne2 65. f3 Nd4 66. Kf2 Kc6 67.
Ra2 Kc5 68. Rb2 Kc6 69. Ra2 Kc5 70. Rb2 1/2-1/2

[Event "43rd World Open"]
[Site "Arlington, VA"]
[Date "2015.07.04"]
[Round "6.4"]
[White "Kamsky, Gata"]
[Black "Bodek, Michael"]
[Result "1-0"]
[WhiteElo "2672"]
[BlackElo "2425"]
[PlyCount "81"]
[EventDate "2015.07.??"]
[EventType "swiss"]
[EventRounds "9"]
[EventCountry "USA"]
[WhiteClock "0:54:41"]
[BlackClock "0:12:12"]

1. e4 c5 2. Nf3 d6 3. d4 cxd4 4. Nxd4 Nf6 5. Nc3 g6 6. Be3 Bg7 7. f3 O-O 8. Qd2
Nc6 9. Bc4 Nd7 10. a4 Nxd4 11. Bxd4 Bxd4 12. Qxd4 Qb6 13. O-O-O Qxd4 14. Rxd4
Nf6 15. Re1 Bd7 16. f4 Bc6 17. e5 dxe5 18. fxe5 Nh5 19. Bd5 Bxd5 20. Rxd5 Rab8
21. Rd7 Rfe8 22. Re4 a5 23. Rc4 b6 24. Nd5 e6 25. Ne7+ Kf8 26. Nc6 Rbc8 27. g4
Ng7 28. Rf4 Nf5 29. gxf5 exf5 30. Rd6 Re6 31. Rc4 Rce8 32. b4 g5 33. bxa5 bxa5
34. Rcd4 Kg7 35. Kd2 h5 36. Rxe6 Rxe6 37. Rd6 Re8 38. Ke3 h4 39. c4 h3 40. c5
Rh8 41. Nd4 1-0

[Event "43rd World Open"]
[Site "Arlington, VA"]
[Date "2015.07.04"]
[Round "6"]
[White "Debs, Felipe"]
[Black "Ipatov, Alexander"]
[Result "0-1"]
[WhiteElo "2515"]
[BlackElo "2615"]
[PlyCount "86"]
[EventDate "2015.07.??"]
[EventType "swiss"]
[EventRounds "9"]
[EventCountry "USA"]

1. d4 Nf6 2. c4 g6 3. Nc3 d5 4. cxd5 Nxd5 5. e4 Nxc3 6. bxc3 Bg7 7. Nf3 c5 8.
Be3 Qa5 9. Qd2 Nc6 10. Rb1 a6 11. Rc1 cxd4 12. cxd4 Qxd2+ 13. Kxd2 e6 14. Bd3
O-O 15. Ke2 Bd7 16. h4 h6 17. Rc4 Rfc8 18. Rhc1 Bf8 19. Bd2 Ba3 20. R1c3 Bf8
21. Rc1 Be8 22. d5 exd5 23. exd5 Ne7 24. Rxc8 Rxc8 25. Rxc8 Nxc8 26. Ne5 h5 27.
Nc4 b5 28. Na5 Nb6 29. Be4 f5 30. Bc2 Bf7 31. Bb3 Bxd5 32. Nc6 Bxb3 33. axb3
Nd7 34. Kd3 Kf7 35. Bb4 Bxb4 36. Nxb4 Nc5+ 37. Kd4 Nxb3+ 38. Kc3 Nc5 39. Kd4
Ne6+ 40. Ke5 a5 41. Nc6 a4 42. g3 a3 43. Nb4 Nc5 0-1

[Event "43rd World Open"]
[Site "Arlington, VA"]
[Date "2015.07.04"]
[Round "6"]
[White "Zhou, Jianchao"]
[Black "Subramanian, Arun"]
[Result "1-0"]
[WhiteElo "2601"]
[BlackElo "2496"]
[PlyCount "67"]
[EventDate "2015.07.??"]
[EventType "swiss"]
[EventRounds "9"]
[EventCountry "USA"]

1. d4 d5 2. c4 c6 3. Nc3 Nf6 4. e3 g6 5. Nf3 Bg7 6. Bd3 O-O 7. O-O e6 8. b3 Re8
9. Qc2 Nbd7 10. Ba3 b6 11. Rfd1 Bb7 12. Rac1 Rc8 13. Qe2 Bf8 14. Bxf8 Rxf8 15.
e4 dxe4 16. Nxe4 Nxe4 17. Bxe4 Qe7 18. Qe3 Rfd8 19. h4 Nf6 20. c5 bxc5 21. dxc5
Nxe4 22. Qxe4 Rd5 23. Rxd5 cxd5 24. Qe3 a6 25. b4 Bc6 26. h5 Bb5 27. Nd4 Bc4
28. a3 e5 29. Re1 f6 30. f4 e4 31. hxg6 hxg6 32. Qg3 Qh7 33. f5 g5 34. Qd6 1-0

[Event "43rd World Open"]
[Site "Arlington, VA"]
[Date "2015.07.04"]
[Round "6"]
[White "Ramirez, Alejandro"]
[Black "Acor, Corey"]
[Result "1-0"]
[WhiteElo "2587"]
[BlackElo "2280"]
[PlyCount "24"]
[EventDate "2015.07.??"]
[EventType "swiss"]
[EventRounds "9"]
[EventCountry "USA"]

1. d4 Nf6 2. Nf3 d5 3. c4 c6 4. Qb3 dxc4 5. Qxc4 Bf5 6. g3 Nbd7 7. Bg2 e5 8.
dxe5 Nxe5 9. Nxe5 Qa5+ 10. Nc3 Qxe5 11. Bxc6+ Bd7 12. Bxb7 Rb8 1-0

[Event "43rd World Open"]
[Site "Arlington, VA"]
[Date "2015.07.04"]
[Round "6"]
[White "Pinto, Renato"]
[Black "Maghami, Ehsan"]
[Result "0-1"]
[WhiteElo "2429"]
[BlackElo "2570"]
[PlyCount "86"]
[EventDate "2015.07.??"]
[EventType "swiss"]
[EventRounds "9"]
[EventCountry "USA"]

1. d4 Nf6 2. c4 e6 3. Nf3 Bb4+ 4. Nbd2 d5 5. Qa4+ Nc6 6. a3 Bxd2+ 7. Bxd2 Ne4
8. Bf4 g5 9. Be3 f5 10. g3 O-O 11. Bg2 f4 12. Bc1 g4 13. cxd5 exd5 14. Ne5 f3
15. exf3 Nxe5 16. dxe5 gxf3 17. Bf1 c5 18. Bf4 Bd7 19. Bb5 Bxb5 20. Qxb5 Qb6
21. Qd3 Qe6 22. Qxf3 Qxe5 23. Qe2 Qf5 24. O-O Rae8 25. Qb5 b6 26. a4 Qg6 27.
Kh1 Qh5 28. Ra3 d4 29. Qc6 Qg6 30. Qxg6+ hxg6 31. f3 Nf6 32. a5 Re2 33. axb6
axb6 34. Ra7 Nd5 35. Bg5 Rxb2 36. Re1 Rxf3 37. Bh6 Ne3 38. Rg7+ Kh8 39. Ra1
Rf1+ 40. Rxf1 Nxf1 41. Rxg6 Kh7 42. Rf6 Rxh2+ 43. Kg1 Rxh6 0-1

[Event "43rd World Open"]
[Site "Arlington, VA"]
[Date "2015.07.04"]
[Round "6"]
[White "Bachmann, Axel"]
[Black "Santarius, Erik"]
[Result "1-0"]
[WhiteElo "2633"]
[BlackElo "2266"]
[PlyCount "43"]
[EventDate "2015.07.??"]
[EventType "swiss"]
[EventRounds "9"]
[EventCountry "USA"]

1. e4 e5 2. Nf3 Nc6 3. Bc4 Bc5 4. c3 Nf6 5. d3 a6 6. Nbd2 b5 7. Bb3 d6 8. Nf1
d5 9. exd5 Nxd5 10. Ng3 O-O 11. O-O Nf6 12. h3 h6 13. Re1 Qd6 14. Nh4 Bb7 15.
Ngf5 Qd7 16. Bxh6 gxh6 17. Qc1 Ne7 18. Rxe5 Nxf5 19. Rxf5 Qd6 20. Qxh6 Nh7 21.
Qh5 Bb6 22. Rxf7 1-0

[Event "43rd World Open"]
[Site "Arlington, VA"]
[Date "2015.07.04"]
[Round "6"]
[White "Tang, Andrew"]
[Black "McShane, Luke"]
[Result "1/2-1/2"]
[WhiteElo "2365"]
[BlackElo "2685"]
[PlyCount "160"]
[EventDate "2015.07.??"]
[EventType "swiss"]
[EventRounds "9"]
[EventCountry "USA"]

1. d4 d6 2. c4 e5 3. Nf3 e4 4. Ng5 f5 5. Nc3 c6 6. d5 Be7 7. Nh3 Bf6 8. Be3 c5
9. Qd2 Nd7 10. f3 Ne5 11. b3 Ne7 12. Bg5 N7g6 13. Bxf6 Qxf6 14. f4 Nf7 15. e3
Nh4 16. Ng1 g5 17. fxg5 Nxg5 18. Rc1 Ng6 19. Qf2 Ke7 20. Nge2 Nf7 21. Nf4 Nfe5
22. Be2 Bd7 23. O-O Raf8 24. Ne6 Bxe6 25. dxe6 Kxe6 26. Nd5 Qh4 27. g3 Qg5 28.
Rcd1 h5 29. Nc7+ Ke7 30. Nd5+ Kd7 31. b4 Kc8 32. Nc3 h4 33. Rxd6 hxg3 34. Qxg3
Qxg3+ 35. hxg3 Rh3 36. Kf2 cxb4 37. Nb5 a6 38. Nd4 Ne7 39. Ne6 Rg8 40. Rg1 N7c6
41. c5 Rh2+ 42. Rg2 Rh6 43. Nf4 Rxd6 44. cxd6 Rd8 45. g4 fxg4 46. Bxg4+ Nxg4+
47. Rxg4 Rxd6 48. Ke2 a5 49. Rg8+ Kc7 50. Re8 Rh6 51. Kd1 Rh1+ 52. Kc2 Rh2+ 53.
Kb1 Na7 54. Re5 Kc6 55. Re6+ Kd7 56. Re5 b6 57. Ka1 Kc6 58. Re6+ Kb7 59. Nd5
Nc6 60. Rxe4 Rd2 61. Nf4 a4 62. a3 Rd1+ 63. Kb2 bxa3+ 64. Kxa3 b5 65. Re6 Rb1
66. Nd5 Rb3+ 67. Ka2 Rd3 68. e4 b4 69. Rh6 Rd2+ 70. Kb1 b3 71. Rh7+ Ka6 72. Rh6
Kb5 73. Nc3+ Kb4 74. Rxc6 a3 75. Nd5+ Ka5 76. Rc5+ Ka6 77. Nc3 a2+ 78. Nxa2
Rxa2 79. Rc3 Re2 80. Rxb3 Rxe4 1/2-1/2

[Event "43rd World Open"]
[Site "Arlington, VA"]
[Date "2015.07.04"]
[Round "6"]
[White "Homa, Seth"]
[Black "Edouard, Romain"]
[Result "1/2-1/2"]
[WhiteElo "2365"]
[BlackElo "2639"]
[PlyCount "40"]
[EventDate "2015.07.??"]
[EventType "swiss"]
[EventRounds "9"]
[EventCountry "USA"]

1. d4 Nf6 2. Nf3 c5 3. d5 b5 4. Bg5 Qb6 5. Bxf6 Qxf6 6. c3 g6 7. e4 Qb6 8. a4
b4 9. a5 Qb7 10. a6 Qb6 11. Qa4 Bg7 12. Bb5 O-O 13. O-O bxc3 14. bxc3 d6 15.
Rc1 e6 16. Nbd2 Qc7 17. Nc4 Bh6 18. Re1 Bg7 19. Rec1 Bh6 20. Re1 Bg7 1/2-1/2